MDQL
is popping MORE tags! Check the
thread
!
Quizzes
Events
Quiz Creation
Community
Videos
Private Events
Remove Ads
Sign In
Join for FREE
Feedback
Dark Mode
Quiz Categories
Sports
Geography
Music
Movies
Television
Just For Fun
Miscellaneous
History
Literature
Language
Science
Gaming
Entertainment
Religion
Holiday
For Kids
Quiz Lab
Recent
Popular Today
Quiz Kudos Today
Editor Picks
Curator Picks
Quizzes by...
Day
Popularity
Type
Ratings
Length
Year
Community
Subscriptions
Recent Discussions
Orange Saloon
Badges
Playlists
Quests
Create
Leaderboards
Showdown
Live 5
Trivia Bingo
Activity
Puzzle Library
Sporcle Events
Private Events
Virtual Trivia
Globe League
Become a Host
Pub Owners
SporcleCon
Opinionation
Our Games
Videos
Blog
Mobile Apps
Partnerships
Remove Ads and Go Orange
Feedback
Sports
Athletes
MLB
NBA
NHL
NFL
Soccer
Sports Teams
WWE
NCAA
Football
Premier League
Basketball
Baseball
Hockey
Golf
Tennis
Cricket
Rugby
Auto Racing
Olympics
World Cup
Sports
Athletes
MLB
NBA
NHL
NFL
Soccer
Sports Teams
WWE
NCAA
Football
Premier League
Basketball
Baseball
Hockey
Golf
Tennis
Cricket
Rugby
Auto Racing
Olympics
World Cup
Random Quiz
Search Sporcle
×
Quiz Lab
Quiz Lab
Sports
Soccer
Type in answers that appear in a list
Type in answers that appear in a list
Classic
Best Score? Go Orange.
Worst Wins/Games ratio in Europa League since 09/10 Stats
Can you name the Teams which have the worst Wins per Games ratio in The UEL since its release 2009? Only Teams who played at least 18 Games (19.02.20)
By
gabs289
8m
47 Questions
117 Plays
117 Plays
117 Plays
Comments
Comments
Give Quiz Kudos
Give Quiz Kudos
-
- Ratings
hide this ad
More Info
Replay
Link that replays current quiz
Next Quiz
Link to next quiz in quiz playlist
You Got
0%
They Got
Avg Score
63%
Avg Friend Score
Upgrade to see
Score Distribution
Jump to the score distribution portion of the page
Score
0/47
Timer
08:00
0
Plays Today
Wins per Games
Team
% Correct
12/
42
Celtic Glasgow
78.6%
5/
26
AEK Athens
77.8%
12/
34
Dinamo Zagreb
76.1%
10/
28
APOEL Nicosia
76.1%
8/
28
Panathinaikos Athens
75.2%
7/
24
Slavia Prague
74.4%
4/
24
Austria Wien
72.6%
7/
24
LOSC Lille
72.6%
13/
46
SK Rapid Wien
71.8%
7/
26
FK Astana
71.8%
14/
50
FC Copenhagen
71.8%
4/
36
Rosenborg Trondheim
70.9%
5/
20
Malmö FF
70.9%
15/
50
FCSB
70.9%
7/
20
Feyenoord Rotterdam
70.9%
3/
20
NK Maribor
70.1%
8/
38
Partizan Belgrade
70.1%
6/
26
Maccabi Tel Aviv
70.1%
7/
26
FC Zürich
70.1%
17/
50
AZ Alkmaar
68.4%
10/
30
Legia Warsaw
66.7%
8/
28
Girondins Bordeaux
66.7%
14/
39
Olympique Marseille
66.7%
16/
50
PAOK
66.7%
Wins per Games
Team
% Correct
17/
48
Club Brugge
66.7%
1/
18
SK Slovan Bratislava
65.8%
14/
46
Standard Liege
65.8%
25/
66
Dynamo Kyiv
65.8%
10/
32
Ludogorets Razgrad
65%
10/
30
Bate Borisov
64.1%
8/
22
KAA Gent
64.1%
6/
22
Stade Rennais
62.4%
7/
20
Hapoel Tel Aviv
61.5%
6/
30
Qarabag Agdam
60.7%
9/
28
Olympiacos Piraeus
59.8%
7/
24
Trabzonspor
59%
5/
24
Sheriff Tiraspol
59%
4/
24
Apollon Limassol
54.7%
6/
28
AS Saint-Etienne
53.8%
3/
18
Vitoria Guimaraes
53%
4/
18
HNK Rijeka
50.4%
15/
40
FC Krasnodar
49.6%
7/
18
Real Betis Sevilla
43.6%
7/
20
Anzhi Makhachkala
40.2%
9/
26
Borussia Mönchengladbach
40.2%
7/
18
Juventus Turin
38.5%
5/
20
Slovan Liberec
36.8%
Quiz Playlist
Details
Report
Send in Message
Add To Playlist
More Info:
Last updated 19.02.20 Group Stage 19/20 is included; Round of 32 19/20 is not included Qualification Rounds are excluded Source: Wikipedia
Classic:
Type in answers that appear in a list
Last Updated: Feb 20, 2020
Quiz Scoreboard
CHALLENGE
Sign Up to Join the Scoreboard
Show All
Scores
Hide
Comments
May contain spoilers
Recently Published
Image Sorting: Flags VI
by Barbecue
Geography
2m
Find the 'City' Movie
by crazypaving
Movies
60s
Colored Red Africa Blitz
by spor1
Geography
45s
More to Explore
Quiz From the Vault
Featured Blog Post
14 Easter Pick-up Lines to Find Eggs With
hide this ad
You Might Also Like...
Tags
Soccer Quiz
Cup UEFA
League Appearances
UEFA
UEFA Club
UEFA Competitions
UEFA Europa League
UEFA Members
UEFA Teams
Today's Top Quizzes in Sports
Browse Sports
hide this ad
Today's Top Quizzes in Soccer
Browse Soccer
Top Contributed Quizzes in Sports
1
Les meilleurs buteurs des matchs entre le PSG et l’OM
2
Les entraîneurs de l'OM et du PSG au 21e siècle
3
Les joueurs passés par le PSG et l'OM
4
2022 World Cup Stars
5
Players with Multiple 50 Home Run Seasons
6
Criteria MLB: Left Handed Sluggers
7
Les joueurs passés par le LOSC et le RC Lens
8
NBA Logic Puzzle 2.0
9
MLB Players with Two .350 Batting Average Seasons
10
FIFA Club World Cup Champions
Explore More
Trending Topics
Kpop
Anime
Harry Potter
NBA
Crossword
Marvel
Disney
WWE
Song
Country
Soccer
The Office
Pokémon
NFL
Puzzle
hide this ad
More By:
gabs289
Quiz
Plays
Rating
Category
Featured
Created
Top 270 Most Expensive Transfers in Soccer
29,857
4.88
Sports
Nov 14, 2019
34+ Goals and Assists in 1 Season in Top 5 Leagues
15,664
4.96
Sports
May 5, 2020
Top-10 Goalscorers per Team in Champions League
9,545
5.00
Sports
May 3, 2020
Oldest Champions League Goalscorers since 2010
7,313
4.87
Sports
Oct 11, 2020
Top-Goalscorers of the Top-5-Leagues 2010-2022
4,980
5.00
Sports
Apr 19, 2020
Go to Creator's Profile
Score Distribution
Quiz Creator Spotlight
gabs289
Follow
Send a Message
Quizzes Created
-
Created Quiz Play Count
-
More By This Creator
Popular Quizzes Today
1
Colored Red Africa Blitz
2
Find the US States - No Outlines Minefield
3
Find the 'City' Movie
4
5x2 Blitz: Bands
5
The Countries of the World
6
Find the US States
7
Find the Countries of Europe - No Outlines Minefield
8
US States
More Sports Quizzes
MLB One Team Hall of Famers
Published
Trending Quizzes
Colored Red Europe Blitz I
Colored Red Europe Blitz II
Colored Red Africa Blitz II
Colored Red Europe Blitz III
Colored Red Africa Blitz III
Recently Updated
How Do You Spell That?
pecheneg
Godzilla Movies
pecheneg
Grab Bag: 4-10 Letters
pecheneg
2024 March Madness Bracket
pecheneg
Famous TV Couples
Peacemaker
Champions League XIs: Real Madrid
pecheneg
Largest US Cities 1790-2010
pecheneg
Rides in Walt Disney World
pecheneg
Most Oscar Losses (Acting)
pecheneg
Beyoncé Albums
pecheneg
Trending Topics
Crossword
Disney
Harry Potter
Anime
NBA
Marvel
Kpop
WWE
NFL
Puzzle
Country
Song
Pokémon
Soccer
The Office
Your Account Isn't Verified!
In order to create a playlist on Sporcle, you need to verify the email address you used during registration. Go to your
Sporcle Settings
to finish the process.
Report this User
Report this user for behavior that violates our
Community Guidelines
.
Details:
Send Report
Go to the Sporcle.com Mobile Site →
Comments